000 00408nam a2200133Ia 4500
008 231129s1978||||xx |||||||||||||| ||spa||
040 _bspa
082 _a920.086132 S199
100 _aSanchez Toro Saul
245 0 _aRepertorio bio-bibliografico del Risaralda: Quien es quien en Pereira y Risaralda?
260 _c1978
264 _aUniversidad Tecnologica Departamento de Bibliotecas
942 _2ddc
_cBKS
999 _c23984
_d23984